Latin American social thought ; the history of its development since independence, with selected readings.

Bibliographic Details
Main Author: Davis, Harold E. (Harold Eugene), 1902-1988
Format: Book
Language:English
Published: [Washington] : University Press of Washington, D.C., [1963]
Subjects:

MARC

Tag First Indicator Second Indicator Subfields
LEADER 00000cam a2200000 4500
001 in00000059124
005 20151008051532.0
008 750826s1963 dcu b 00000 eng
010 |a  63012225  
035 |a (OCoLC)01573325 
035 |9 AAG8519AM 
040 |a DLC  |c TOL  |d TOL  |d TXA  |d UtOrBLW 
049 |a TXAM  |c [400286] 
090 |a HM22.S76  |b D3 1963 
092 |a 309.18  |b D262, 1963 
100 1 |a Davis, Harold E.  |q (Harold Eugene),  |d 1902-1988. 
245 1 0 |a Latin American social thought ;  |b the history of its development since independence, with selected readings. 
264 1 |a [Washington] :  |b University Press of Washington, D.C.,  |c [1963] 
300 |a vi, 558 pages ;  |c 23 cm. 
336 |a text  |b txt  |2 rdacontent 
337 |a unmediated  |b n  |2 rdamedia 
338 |a volume  |b nc  |2 rdacarrier 
504 |a Includes bibliographical references. 
650 0 |a Sociology  |x History  |z Latin America. 
650 0 |a Sociology. 
999 |a MARS 
999 f f |s c6fae44e-d61f-3100-a2c4-165652f31fdc  |i ad94100f-19c3-3adf-a283-164b4d62e95f  |t 0 
952 f f |p ric  |a Texas A&M University  |b Rellis Campus  |c Joint Library Facility  |d Remote Storage  |t 0  |e HM22.S76 D3 1963  |h Library of Congress classification  |i unmediated -- volume  |m A14800651036 
998 f f |a HM22.S76 D3 1963  |t 0  |l Remote Storage